000 00923nam a2200253 i 4500
001 bg
100 1 _aRAJCZYK, Jarosław
245 1 0 _aPodstawy naukowe doboru struktury i kinematyki tarczowych narzędzi roboczych maszyn do obróbki powierzchni betonu /
_cJarosław Rajczyk ; Politechnika Częstochowska.
260 _aCzęstochowa :
_bWydaw. PC,
_c2004.
300 _a195 s. :
_brys., wykr. ;
_c24 cm.
490 1 _aMonografie / Politechnika Częstochowska,
_x0860-5017 ;
_vnr 98
504 _aBibliogr.
650 9 _aBudownictwo
_xnarzędzia i maszyny
650 9 _aBeton
_xwyroby
_xtechnologia
650 9 _aKonstrukcje betonowe
_xtechnologia
_xzagadnienia
830 0 _aMonografie (Politechnika Częstochowska) ;
_vnr 98
020 _a8371932480
040 _cBPK
041 0 _apol
080 _a624.012.4:621.92:62-1/-8
920 _a83-7193-248-0
942 _cKS
008 s pl f |000 0 pol
999 _c46877
_d46877
856 _uhttp://koha.tu.koszalin.pl/cgi-bin/koha/opac-detail.pl?biblionumber=46877
_yKatalog online BPK